Hand Book of Islamic Prayers (Record no. 7177)

MARC details
000 -LEADER
fixed length control field 00576nam a2200241 a 4500
020 ## - INTERNATIONAL STANDARD BOOK NUMBER
ISBN
082 00 - DEWEY DECIMAL CLASSIFICATION NUMBER
Classification number 297.52
Author Cutter HAM
100 ## - MAIN ENTRY--AUTHOR NAME
Author name Hamidi, Khalil Ahmad
245 ## - TITLE STATEMENT
Title Hand Book of Islamic Prayers
260 ## - PUBLICATION, DISTRIBUTION, ETC. (IMPRINT)
Place of publication Lahore
Name of publisher Islamic Pub Ltd
Year of publication 1974
300 ## - PHYSICAL DESCRIPTION
Number of Pages 108p
500 ## - GENERAL NOTE
General note includes index and biblioraphy
505 2# - FORMATTED CONTENTS NOTE
Formatted contents note <br/>
650 ## - SUBJECT ADDED ENTRY--TOPICAL TERM
Topical Term Islam-Prayers
942 ## - ADDED ENTRY ELEMENTS (KOHA)
Koha item type Books
700 1# -
-- Hamidi, Khalil Ahmad
Holdings
Collection code Home library Current library Date acquired Cost, normal purchase price Full call number Accession Number Koha item type
  Henry Martyn Institute Library Henry Martyn Institute Library 07/17/2007 10.00 297.52 HAM 011328 Books
                   Copyright © 2026 | Henry Martyn Institute | Hyderabad | TS-500052 | INDIA | Implemented by hmi.edu.in
Hit-Count:

Powered by Koha